000 00300 a2200145 4500
003 Nust
005 20170207153527.0
040 _cNust
082 _a297
100 _aAhmed, Ishtiaq
245 _aSebar Ka Badla
_cIshtiaq Ahmed
260 _aSaudia Arabia
_bDarus Slaam
300 _a25;
650 _aIslam
942 _2ddc
_cBK
999 _c187834
_d187834